000 00835nas a2200241 4500
001 BR9203837
003 BR-BrBNA
005 20231205095105.0
007 ta
008 230509b bl.|||p| |||| 00| 00por d
040 _aBR-BrBNA
_bpor
_cBiblioteca Nacional de Agricultura
041 _a(Pt)
072 _aL60
100 1 _aPeracchi, A.L.
100 1 _aAlbuquerque, S.T. de
245 1 _aConsideracoes sobre a distribuicao geografica de algumas especies do genero Micronycteris Gray, 1866 (Mammalia, Chiroptera, Phyllostomidae)
650 _aMorcego
650 _aZoologia
650 _aDistribuicao Geografica
773 0 _tArquivos da Universidade Federal Rural do Rio de Janeiro (Brazil)
_xISSN 0100-2481
_g(Jan-Dec 1985), v. 8(1-2) p. 23-26
_wBR9203837
909 _a202311
_bLúcia
_c55
_dLúcia Elande
942 _2AGRIS
_n0
_cANA
999 _c148654
_d148654